Statistics for Countries of the World Quiz in 90 Seconds

Click here to take the quiz!

General Stats

  • This quiz has been taken 113 times
  • The average score is 51 of 196

Answers on the Map

Answers color-coded by a green-red scale on the quiz's map according to % correct below.
 

Answer Stats

Country% Correct
Canada
97%
United States
97%
Mexico
90%
Russia
87%
China
84%
United Kingdom
84%
Brazil
81%
France
74%
Spain
74%
Italy
68%
Norway
68%
Peru
68%
India
65%
Ireland
65%
Sweden
65%
Denmark
61%
Iceland
61%
Chile
58%
Egypt
58%
Germany
58%
Japan
58%
Argentina
55%
Colombia
55%
Portugal
55%
Australia
52%
Chad
52%
Cuba
52%
Finland
52%
Greece
48%
United Arab Emirates
48%
Algeria
45%
Bolivia
45%
Oman
45%
Panama
45%
Haiti
42%
Libya
42%
Mongolia
42%
Niger
42%
Sudan
42%
Turkey
42%
Ukraine
42%
Democratic Republic
of the Congo
39%
Iran
39%
Iraq
39%
Latvia
39%
Mali
39%
Morocco
39%
Nigeria
39%
Poland
39%
Austria
35%
Ecuador
35%
Estonia
35%
Honduras
35%
Tunisia
35%
Uruguay
35%
Venezuela
35%
Yemen
35%
Benin
32%
Paraguay
32%
South Africa
32%
Togo
32%
Central African Republic
29%
Ethiopia
29%
Ghana
29%
Guatemala
29%
Indonesia
29%
Malta
29%
Monaco
29%
Republic of the Congo
29%
Belarus
26%
Dominican Republic
26%
Guyana
26%
Kenya
26%
Laos
26%
Namibia
26%
Nepal
26%
Armenia
23%
Belize
23%
Bhutan
23%
Cambodia
23%
Costa Rica
23%
Hungary
23%
Lithuania
23%
Romania
23%
Serbia
23%
Somalia
23%
Switzerland
23%
Taiwan
23%
Andorra
19%
Angola
19%
El Salvador
19%
Gabon
19%
Jordan
19%
Kazakhstan
19%
Malawi
19%
Netherlands
19%
Nicaragua
19%
Saudi Arabia
19%
Senegal
19%
Suriname
19%
Syria
19%
Thailand
19%
Vietnam
19%
Zambia
19%
Afghanistan
16%
Bahamas
16%
Belgium
16%
Bosnia and
Herzegovina
16%
Bulgaria
16%
Burundi
16%
Cameroon
16%
Croatia
16%
Georgia
16%
Israel
16%
Kiribati
16%
Mauritania
16%
Pakistan
16%
Rwanda
16%
Samoa
16%
San Marino
16%
Singapore
16%
Slovakia
16%
Slovenia
16%
South Korea
16%
South Sudan
16%
Sri Lanka
16%
Tanzania
16%
Tonga
16%
Vatican City
16%
Azerbaijan
13%
Bahrain
13%
Bangladesh
13%
Botswana
13%
Brunei
13%
Czech Republic
13%
Djibouti
13%
Eritrea
13%
Fiji
13%
Gambia
13%
Jamaica
13%
Luxembourg
13%
Malaysia
13%
Moldova
13%
Montenegro
13%
North Korea
13%
Palau
13%
Qatar
13%
Saint Kitts and Nevis
13%
Uganda
13%
Zimbabwe
13%
Albania
10%
Barbados
10%
Dominica
10%
East Timor
10%
Grenada
10%
Kuwait
10%
Lebanon
10%
Lesotho
10%
Liberia
10%
Madagascar
10%
Maldives
10%
Myanmar
10%
Nauru
10%
New Zealand
10%
Saint Lucia
10%
Saint Vincent and the
Grenadines
10%
Antigua and Barbuda
6%
Burkina Faso
6%
Cape Verde
6%
Comoros
6%
Cyprus
6%
Eswatini
6%
Guinea
6%
Kosovo
6%
Liechtenstein
6%
Mozambique
6%
North Macedonia
6%
Tuvalu
6%
Equatorial Guinea
3%
Guinea-Bissau
3%
Ivory Coast
3%
Mauritius
3%
Papua New Guinea
3%
Philippines
3%
Seychelles
3%
Sierra Leone
3%
Solomon Islands
3%
Trinidad and Tobago
3%
Turkmenistan
3%
Vanuatu
3%
Federated States of
Micronesia
0%
Kyrgyzstan
0%
Marshall Islands
0%
São Tomé and Príncipe
0%
Tajikistan
0%
Uzbekistan
0%

Score Distribution

Percentile by Number Answered

Percent of People with Each Score

Your Score History

You have not taken this quiz